BRUNER'S TB OF MEDICAL SURGICAL NURSING (Record no. 6765)

MARC details
000 -LEADER
fixed length control field 00371nam a2200145Ia 4500
008 - FIXED-LENGTH DATA ELEMENTS--GENERAL INFORMATION
fixed length control field 150301s2014 xx 000 0 und d
082 ## - DEWEY DECIMAL CLASSIFICATION NUMBER
Classification number 610.757
Item number B14H
100 ## - MAIN ENTRY--PERSONAL NAME
Personal name HINLKE,JANICE.L.
245 ## - TITLE STATEMENT
Title BRUNER'S TB OF MEDICAL SURGICAL NURSING
250 ## - EDITION STATEMENT
Edition statement 13TH
260 ## - PUBLICATION, DISTRIBUTION, ETC. (IMPRINT)
Name of publisher, distributor, etc. WOLTER KLUWER
Place of publication, distribution, etc. DELHI
Date of publication, distribution, etc. 2014
300 ## - PHYSICAL DESCRIPTION
Extent 1085
650 ## - SUBJECT ADDED ENTRY--TOPICAL TERM
Topical term or geographic name as entry element SURGICAL NURSING
942 ## - ADDED ENTRY ELEMENTS (KOHA)
Source of classification or shelving scheme Dewey Decimal Classification
Koha item type Books
Koha issues (borrowed), all copies 56
Holdings
Withdrawn status Lost status Source of classification or shelving scheme Damaged status Not for loan Collection code Home library Current library Shelving location Date acquired Source of acquisition Cost, normal purchase price Serial Enumeration / chronology SGTU Bill Number Total Checkouts Full call number Barcode Date last seen Date last checked out Bill Date Koha item type
    Dewey Decimal Classification     NURSING SGT Medical Library SGT Medical Library Text Book 02/07/2015 A.P JAIN & COMP. 2095.00 I SGTU 407 22 610.757 B14H FN2522 08/01/2026 22/12/2025 29/11/2014 Books
    Dewey Decimal Classification     NURSING SGT Medical Library SGT Medical Library Text Book 02/07/2015 A.P JAIN & COMP. 2095.00 I SGTU 407 18 610.757 B14H FN2523 08/12/2025 24/11/2025 29/11/2014 Books
    Dewey Decimal Classification     NURSING SGT Medical Library SGT Medical Library Text Book 02/07/2015 A.P JAIN & COMP. 2095.00 II SGTU 407 14 610.757 B14H FN2524 23/10/2025 09/10/2025 29/11/2014 Books
    Dewey Decimal Classification     NURSING SGT Medical Library SGT Medical Library Text Book 02/07/2015 A.P JAIN & COMP. 2095.00 II SGTU 407 9 610.757 B14H FN2525 16/12/2023 09/12/2023 29/11/2014 Books